LEADER 01431nam--2200421---450- 001 990000545140203316 005 20100713152110.0 035 $a0054514 035 $aUSA010054514 035 $a(ALEPH)000054514USA01 035 $a0054514 100 $a20010705d1995----km-y0itay0103----ba 101 $aita 102 $aIT 105 $a||||||||001yy 200 1 $aDisabili, tecnologie e mercato del lavoro$eopportunitą e vincoli per l'inserimento$acura di maria Grazia Giordani$gpresentazione di Elio Catania$gprefazione di Carlo Orlandini$gcontributi di Claudio Bitelli ... 210 $aMilano$cEtas libri$d1995 215 $aXIV, 273 p.$d22 cm 300 $aNell'occhio: Fondazione IBM Italia 410 $12001 606 0 $aMinorati$xIstruzione professionale 676 $a362.40484 702 1$aGIORDANI,$bMaria Grazia 702 1$aCATANIA,$bElio 702 1$aORLANDINI,$bCarlo 702 1$aBITELLI,$bClaudio 801 0$aIT$bsalbc$gISBD 912 $a990000545140203316 951 $a362.404 DIS 1 (COLL. PEN 3)$b4032 EC$cCOLL. PEN$d00285357 959 $aBK 969 $aECO 979 $aPATTY$b90$c20010705$lUSA01$h1006 979 $c20020403$lUSA01$h1703 979 $aPATRY$b90$c20040406$lUSA01$h1638 979 $aRSIAV2$b90$c20100713$lUSA01$h1521 996 $aCura di maria Grazia Giordani$9885004 996 $aDisabili, tecnologie e mercato del lavoro$9885003 997 $aUNISA LEADER 03499nam 2200709 a 450 001 9910480641003321 005 20170815165906.0 010 $a1-322-42344-X 010 $a1-4833-2774-4 010 $a1-4522-4879-6 035 $a(CKB)2670000000238591 035 $a(EBL)997205 035 $a(OCoLC)809774262 035 $a(SSID)ssj0000705604 035 $a(PQKBManifestationID)12302910 035 $a(PQKBTitleCode)TC0000705604 035 $a(PQKBWorkID)10625842 035 $a(PQKB)10971956 035 $a(MiAaPQ)EBC997205 035 $a(OCoLC)1007858676 035 $a(StDuBDS)EDZ0000159452 035 $a(EXLCZ)992670000000238591 100 $a20130912d1996 fy| 0 101 0 $aeng 135 $aur|n|---||||| 181 $ctxt 182 $cc 183 $acr 200 10$aNew approaches to family practice$b[electronic resource] $econfronting economic stress /$fNancy R. Vosler 210 $aThousand Oaks, Calif. $cSAGE$dc1996 215 $a1 online resource (282 p.) 225 1 $aSAGE sourcebooks for the human services ;$vv. 31 300 $aDescription based upon print version of record. 311 $a0-7619-0032-2 311 $a0-7619-0033-0 320 $aIncludes bibliographical references (p. 227-245) and index. 327 $aCover; Contents; List of Figures; Preface; Acknowledgments; Chapter 1 - Introduction: Social Work Knowledge Building; Chapter 2 - Family Systems in Context: The Multilevel Social Systems Model; Chapter 3 - Family Systems in Context: Applications and Tools for Practice; Chapter 4 - Families and Work: Theory and Research; Chapter 5 - Families and Work: Applications and Tools for Practice; Chapter 6 - Families and Unemployment: Theory and Research; Chapter 7 - Families and Unemployment: Applications and Tools for Practice; Chapter 8 - Families and Poverty: Theory and Research 327 $aChapter 9 - Families and Poverty: Applications and Tools for PracticeChapter 10 - Epilogue and Conclusions; Appendix: Ang Mo Kio Family Service Centres Research Forms; References; Index; About the Author 330 $aTo what extent do economic stresses - such as dual-earner parents, unemployment//underemployment and poverty in the family - affect a social worker's assessment of the families in their care? Families, Work, and Poverty applies a wealth of current research driven by the family systems theoretical framework to social work practice with families in three specific areas: employed-work and family- work; unemployment; and poverty. The book presents chapters on the theory and research in these three target areas, each followed by a chapter on applications and tools for direct practice 410 0$aSage sourcebooks for the human services series ;$vv. 31. 606 $aFamilies$xEconomic aspects 606 $aFamily social work 606 $aPoor$xServices for 606 $aPoverty 606 $aSocial work with the unemployed 606 $aWork and family 608 $aElectronic books. 615 0$aFamilies$xEconomic aspects. 615 0$aFamily social work. 615 0$aPoor$xServices for. 615 0$aPoverty. 615 0$aSocial work with the unemployed. 615 0$aWork and family. 676 $a306.85 676 $a362.828 700 $aVosler$b Nancy R$01043686 801 0$bStDuBDS 801 1$bStDuBDS 906 $aBOOK 912 $a9910480641003321 996 $aNew approaches to family practice$92468821 997 $aUNINA